000 004910000a22001690004500
090 _aAR
_b01377
245 1 0 _aMammalian fauna of Costa Rica and la selva
650 1 4 _aEcología de comunidades
_93558
650 1 4 _aSistemática animal
_992968
650 1 4 _aBiogeografía
_992747
650 1 4 _aDisturbios
_994055
651 4 _lLa Selva
_dHeredia
_pCosta Rica
_992749
041 0 _aInglés
100 1 _aTimm, Robert M.
_993403
942 _cARTICULO
773 1 _tMammal Fauna
_3497
_q229-237
_d1994
999 _c10462
_d10462